La visita del Sr. Azucar = (Record no. 17664)

MARC details
000 -LEADER
fixed length control field 02075cam a2200505 a 4500
001 - CONTROL NUMBER
control field sjds1104617
003 - CONTROL NUMBER IDENTIFIER
control field sjds
005 - DATE AND TIME OF LATEST TRANSACTION
control field 20170616132746.0
008 - FIXED-LENGTH DATA ELEMENTS--GENERAL INFORMATION
fixed length control field 881116t19891989caua j 000 1 eng
010 ## - LIBRARY OF CONGRESS CONTROL NUMBER
LC control number 88038781
020 ## - INTERNATIONAL STANDARD BOOK NUMBER
International Standard Book Number 089239045X :
Terms of availability $12.95
020 ## - INTERNATIONAL STANDARD BOOK NUMBER
International Standard Book Number 9780892391417 (pbk.)
020 ## - INTERNATIONAL STANDARD BOOK NUMBER
International Standard Book Number 0892391413 (pbk.)
035 ## - SYSTEM CONTROL NUMBER
System control number 71993
035 ## - SYSTEM CONTROL NUMBER
System control number (OCoLC)18833371
035 ## - SYSTEM CONTROL NUMBER
System control number 71993
040 ## - CATALOGING SOURCE
Original cataloging agency DLC
Transcribing agency DLC
Modifying agency IFA
-- UtOrBLW
041 0# - LANGUAGE CODE
Language code of text/sound track or separate title eng
-- spa
049 ## - LOCAL HOLDINGS (OCLC)
Holding library IFAC
100 1# - MAIN ENTRY--PERSONAL NAME
Personal name Rohmer, Harriet,
Relator term author.
245 13 - TITLE STATEMENT
Title La visita del Sr. Azucar =
Remainder of title Mr. Sugar came to town /
Statement of responsibility, etc. adapted by/adaptado por Harriet Rohmer & Cruz Gomez from a puppet play by/de una olua para titeres por Cruz Gomez [and others] ; illustrations by/ilustraciones por Enrique Chagoya ; version in Spanish/version en espanol, Rosalma Zubizarreta.
246 31 - VARYING FORM OF TITLE
Title proper/short title La visita del Sr. Azucar
246 31 - VARYING FORM OF TITLE
Title proper/short title Mr. Sugar came to town
260 ## - PUBLICATION, DISTRIBUTION, ETC. (IMPRINT)
Place of publication, distribution, etc. San Francisco, Calif. :
Name of publisher, distributor, etc. Children's Book Press,
Date of publication, distribution, etc. c1989
264 #1 - PRODUCTION, PUBLICATION, DISTRIBUTION, MANUFACTURE, AND COPYRIGHT NOTICE
Place of production, publication, distribution, manufacture San Francisco, Calif. :
Name of producer, publisher, distributor, manufacturer Children's Book Press,
Date of production, publication, distribution, manufacture, or copyright notice [1989]
264 #2 - PRODUCTION, PUBLICATION, DISTRIBUTION, MANUFACTURE, AND COPYRIGHT NOTICE
Place of production, publication, distribution, manufacture [New York] :
Name of producer, publisher, distributor, manufacturer Distributed to the book trade by the Talman Co.
264 #4 - PRODUCTION, PUBLICATION, DISTRIBUTION, MANUFACTURE, AND COPYRIGHT NOTICE
Date of production, publication, distribution, manufacture, or copyright notice c1989
300 ## - PHYSICAL DESCRIPTION
Extent 32 pages :
Other physical details color illustrations ;
Dimensions 25 cm
336 ## - CONTENT TYPE
Content type term text
Content type code txt
Source rdacontent
337 ## - MEDIA TYPE
Media type term unmediated
Media type code n
Source rdamedia
338 ## - CARRIER TYPE
Carrier type term volume
Carrier type code nc
Source rdacarrier
500 ## - GENERAL NOTE
General note English and Spanish.
520 ## - SUMMARY, ETC.
Summary, etc. Sr. Azucar trata de tentarlos a Alicia y Alfredo de las comidas nutricias con varios dulces, pero la abruela Lopez adivina sus intenciones.
526 0# - STUDY PROGRAM INFORMATION NOTE
Program name Accelerated Reader
Interest level LG
Reading level 3.2
Title point value 0.5
Public note 18324SP
650 #0 - SUBJECT ADDED ENTRY--TOPICAL TERM
Topical term or geographic name as entry element Nutrition
Form subdivision Juvenile fiction.
650 #0 - SUBJECT ADDED ENTRY--TOPICAL TERM
Topical term or geographic name as entry element Food habits
Form subdivision Juvenile fiction.
650 #7 - SUBJECT ADDED ENTRY--TOPICAL TERM
Topical term or geographic name as entry element Nutrición
Form subdivision Novela juvenil.
Source of heading or term bidex
650 #7 - SUBJECT ADDED ENTRY--TOPICAL TERM
Topical term or geographic name as entry element Hábitos alimenticios
Form subdivision Novela juvenil.
Source of heading or term bidex
650 #7 - SUBJECT ADDED ENTRY--TOPICAL TERM
Topical term or geographic name as entry element Materiales bilingües en español
Form subdivision Literatura juvenil.
Source of heading or term bidex
650 #0 - SUBJECT ADDED ENTRY--TOPICAL TERM
Topical term or geographic name as entry element Spanish language materials
General subdivision Bilingual
Form subdivision Juvenile literature.
700 1# - ADDED ENTRY--PERSONAL NAME
Personal name Gómez, Cruz.
700 1# - ADDED ENTRY--PERSONAL NAME
Personal name Chagoya, Enrique,
Relator term illustrator.
740 0# - ADDED ENTRY--UNCONTROLLED RELATED/ANALYTICAL TITLE
Uncontrolled related/analytical title Visita del Sr. Azucar.
942 ## - ADDED ENTRY ELEMENTS (KOHA)
Koha item type Libro/Book
Holdings
Withdrawn status Lost status Damaged status Not for loan Home library Current library Date acquired Inventory number Total Checkouts Full call number Barcode Date last seen Date checked out Price effective from Koha item type
        Las Pampas -- Satellite Las Pampas -- Satellite 16/06/2017 inventory date: 17-1-25 1 JFI 35701526 19/02/2021 19/02/2021 16/06/2017 Libro/Book

Powered by Koha